Intermediate frut culture training curriculum មេរៀនបណ្តុះបណ្តាលដំណាំឈើហូបផ្លែ(កំរិតមធ្យម) (Record no. 9588)

000 -LEADER
fixed length control field 00370nam a22001217a 4500
040 ## - CATALOGING SOURCE
Transcribing agency HS
082 ## - DEWEY DECIMAL CLASSIFICATION NUMBER
Classification number 634
100 ## - MAIN ENTRY--AUTHOR NAME
Personal name NA
245 ## - TITLE STATEMENT
Title Intermediate frut culture training curriculum មេរៀនបណ្តុះបណ្តាលដំណាំឈើហូបផ្លែ(កំរិតមធ្យម)
260 ## - PUBLICATION, DISTRIBUTION, ETC. (IMPRINT)
Place of publication NA
Name of publisher NA
Year of publication 1997
300 ## - PHYSICAL DESCRIPTION
Number of Pages 80pp;
942 ## - ADDED ENTRY ELEMENTS (KOHA)
Koha item type សៀវភៅភាសាខ្មែរ
952 ## - LOCATION AND ITEM INFORMATION (KOHA)
Withdrawn status [LOCAL, KOHA] 0
952 ## - LOCATION AND ITEM INFORMATION (KOHA)
Withdrawn status [LOCAL, KOHA] 0
952 ## - LOCATION AND ITEM INFORMATION (KOHA)
Withdrawn status [LOCAL, KOHA] 0
952 ## - LOCATION AND ITEM INFORMATION (KOHA)
Withdrawn status [LOCAL, KOHA] 0
Holdings
Permanent Location Date acquired Koha item type Lost status Shelving location Barcode Current Location Full call number
Library Block C2016-09-05សៀវភៅភាសាខ្មែរ C237RUA045402Library Block C634 NA1997 C237
Library Block C2016-09-05សៀវភៅភាសាខ្មែរ C250A00809Library Block C634 NA 1997 C250
Library Block C2016-09-06សៀវភៅភាសាខ្មែរ  RUA045550Library Block C634 NA1997 C281 Or.
Library Block C2016-10-16សៀវភៅភាសាខ្មែរ C250A01009Library Block C634 NA 1997 C250
មជ្ឈមណ្ឌលឯការនៃសាកលវិទ្យាល័យភូមិន្ទកសិកម្មចំការដូង

Powered by Koha